WOMEN WHO CHANGED THE WORLD (Record no. 215943)

MARC details
000 -LEADER
fixed length control field 00400nam a22001577a 4500
008 - FIXED-LENGTH DATA ELEMENTS--GENERAL INFORMATION
fixed length control field 250721b |||||||| |||| 00| 0 eng d
020 ## - INTERNATIONAL STANDARD BOOK NUMBER
International Standard Book Number 978-1-78810-452-4
050 ## - LIBRARY OF CONGRESS CALL NUMBER
Classification number HQ 1121 .L49 2018
100 ## - MAIN ENTRY--PERSONAL NAME
Personal name LEWIS, CARRIE
245 ## - TITLE STATEMENT
Title WOMEN WHO CHANGED THE WORLD
260 ## - PUBLICATION, DISTRIBUTION, ETC.
Name of publisher, distributor, etc. IGLOO BOOKS LTD
300 ## - PHYSICAL DESCRIPTION
Extent 174P.:ILL
650 ## - SUBJECT ADDED ENTRY
Topical term or geographic name entry element WOMEN--HISTORY
942 ## - ADDED ENTRY ELEMENTS (KOHA)
Source of classification or shelving scheme Library of Congress Classification
Koha item type Long Loan Book
Holdings
Withdrawn status Lost status Source of classification or shelving scheme Damaged status Not for loan Collection Home library Current library Shelving location Date acquired Inventory number Total checkouts Full call number Barcode Date last seen Copy number Price effective from Koha item type
    Library of Congress Classification     Arts & Social Sciences Kisii University Library Kisii University Library On Display 07/21/2025 109297   HQ 1121 .L49 2018 000000024480 07/21/2025 2 07/21/2025 Long Loan Book
    Library of Congress Classification     Arts & Social Sciences Kisii University Library Kisii University Library On Display 07/21/2025 109296   HQ 1121 .L49 2018 000000024515 07/21/2025 1 07/21/2025 Long Loan Book
    Library of Congress Classification     Arts & Social Sciences Kisii University Library Kisii University Library On Display 07/21/2025 109298   HQ 1121 .L49 2018 000000024514 07/21/2025 3 07/21/2025 Long Loan Book